Praktická příprava manažera : Nové metody a pohledy ve světovém kontextu /

Guardado en:
Detalles Bibliográficos
Autor principal: Zucha, Rudolf O (Autor)
Formato: Libro
Lenguaje:checo
Publicado: Bratislava : Management Press, Profit, a.s, 1993
Edición:1.vyd.
Materias:
Etiquetas: Agregar Etiqueta
Sin Etiquetas, Sea el primero en etiquetar este registro!

MARC

LEADER 00000nam a22000003a 4500
001 stu7072
005 20150617225808.7
008 941110s1993----xr------------------cze-d
020 |a 80-85603-32-2 
040 |a STU  |b slo 
041 0 |a cze 
044 |a xr 
080 |a 65.012.4-051 
100 1 |a Zucha, Rudolf O  |4 aut 
245 1 |a Praktická příprava manažera :  |b Nové metody a pohledy ve světovém kontextu /  |c [aut.] Zucha,Rudolf O 
250 |a 1.vyd. 
260 |a Bratislava :  |b Management Press, Profit, a.s,  |c 1993 
300 |a 190 s 
650 7 |a manažéri  |2 stusub 
996 |b E79254  |c R*79254  |l RRUM  |s A  |a 24  |w stu7072_0001